000 01109nam0a22002291i 4500
001 rc\3251269
005 20240723214054.0
021 _aRU
_b[74-20667а]
035 _a(NLR Aleph) 007381532
090 _a6513593
_c6513593
100 _a20130115d1974 |||y0rusy50 ca
101 0 _arus
102 _aRU
105 _ay d |||||
200 1 _aКоммунистическая партия - организатор культурно-просветительной работы в деревне накануне массовой коллективизации (1927-1930 гг.)
_e(На материалах Центр. пром. р-на)
_eАвтореф. дис. на соиск. учен. степени канд. ист. наук
_e(07.00.01)
_fМоск. гос. ун-т им. М. В. Ломоносова. Специализир. совет по истории КПСС
210 _aМосква
_d1974
215 _a20 с.
700 1 _aЧунаков
_bА.В.
_f1939-
_gАнатолий Витальевич
801 0 _aRU
_bNLR
_gpsbo
801 1 _aRU
_bELAR
_2rusmarc
852 _aNLR
_j74-6/4406
942 _cBOOK